James Cameron Movies - Statistics

General Stats
  • This quiz has been taken 96 times
    13 since last reset
  • The average score is 8 of 10
Answer Stats
Release Year Answer % Correct
2009 Avatar
100%
2022 Avatar: The Way of Water
100%
1997 Titanic
100%
2025 Avatar: Fire & Ash
91%
1991 Terminator 2: Judgment Day
82%
1984 The Terminator
82%
1986 Aliens
73%
1989 The Abyss
64%
1994 True Lies
55%
1982 Piranha II: The Spawning
36%
No matching quizzes found
Score Distribution
Percent of People with Each Score
Percentile by Number Answered
Your Score History
You have not taken this quiz since the last reset